Staging resistanace play by women in translation / (Record no. 125612)

MARC details
000 -LEADER
fixed length control field 00749nam a22002297a 4500
003 - CONTROL NUMBER IDENTIFIER
control field dpl
005 - DATE AND TIME OF LATEST TRANSACTION
control field 20180702105112.0
008 - FIXED-LENGTH DATA ELEMENTS--GENERAL INFORMATION
fixed length control field 180524b xxu||||| |||| 00| 0 eng d
010 ## - LIBRARY OF CONGRESS CONTROL NUMBER
LC control number B-163293, 163328
020 ## - INTERNATIONAL STANDARD BOOK NUMBER
Terms of availability 595.00
International Standard Book Number 0195670086
035 ## - SYSTEM CONTROL NUMBER
System control number B-163326
037 ## - SOURCE OF ACQUISITION
Source of stock number/acquisition Cen Lib/Ret
040 ## - CATALOGING SOURCE
Original cataloging agency DPL
Language of cataloging EN
Transcribing agency 0
082 ## - DEWEY DECIMAL CLASSIFICATION NUMBER
Classification number 882.08
Item number STA
245 ## - TITLE STATEMENT
Title Staging resistanace play by women in translation /
Statement of responsibility, etc edited with an introduction by Tutun Mukherjee
260 ## - PUBLICATION, DISTRIBUTION, ETC. (IMPRINT)
Place of publication, distribution, etc New Delhi
Name of publisher, distributor, etc Oxford university press
Date of publication, distribution, etc 2005
270 ## - ADDRESS
Address YMCA Library Building Jai Singh Road
City New Delhi
Postal code 110001
300 ## - PHYSICAL DESCRIPTION
Extent x, 551. :
Dimensions 21cm(Hb)
Other physical details ill.
650 ## - SUBJECT ADDED ENTRY--TOPICAL TERM
Topical term or geographic name as entry element Women -Theater
9 (RLIN) 14940
650 ## - SUBJECT ADDED ENTRY--TOPICAL TERM
Topical term or geographic name as entry element Indic drama
9 (RLIN) 14941
942 ## - ADDED ENTRY ELEMENTS (KOHA)
Source of classification or shelving scheme Dewey Decimal Classification
Koha item type English Books
Classification part 882.08
Call number suffix STA
Holdings
Withdrawn status Lost status Damaged status Not for loan Home library Current library Date acquired Source of acquisition Cost, normal purchase price Total Checkouts Full call number Barcode Date last seen Copy number Cost, replacement price Price effective from Koha item type Source of classification or shelving scheme Collection code
        Central Library Central Library 22/06/2015 Cen Lib/Ret 595.00   882.08 STA B-163293 22/06/2015 1 595.00 22/06/2015 English Books    
        Patel Nagar Patel Nagar 02/07/2018 BPPD/Pub 595.00   882.08 STA B-163326 02/07/2018 1 595.00 02/07/2018 English Books Dewey Decimal Classification Non-fiction
        Shahdara Branch Shahdara Branch 24/05/2018 BPPD/PUB 595.00   882.08 STA B-163328 24/05/2018   595.00 24/05/2018 English Books Dewey Decimal Classification Non-fiction

© Delhi Public Library
Hit Counter
free hit counter